Гибель Богов: роман

書誌詳細
第一著者: Перумов Н. Д. Николай Даниилович
要約:Так уж повелось, что загадочный континент, называемый Хьёрвардом, стал пристанищем для людей, эльфов, гномов, троллей и других рас, ведущих мирную размеренную жизнь. Но вот на его зеленых холмах появляются Волшебник и его Ученик, бросившие вызов древним богам Хьёрварда и разбудившие дремавшего много веков Властелина Мрака.
言語:ロシア語
出版事項: Москва, ЭКСМО, 2002
シリーズ:Хроники Хьерварда
Книга Хагена
主題:
フォーマット: 図書
KOHA link:https://koha.lib.tpu.ru/cgi-bin/koha/opac-detail.pl?biblionumber=341359

MARC

LEADER 00000nam0a2200000 4500
001 341359
005 20231102005333.0
010 |a 5040028652 
035 |a (RuTPU)RU\TPU\book\369230 
035 |a RU\TPU\book\11876 
090 |a 341359 
100 |a 20180912d2002 m y0rusy50 ca 
101 0 |a rus 
102 |a RU 
105 |a y z 000ay 
200 1 |a Гибель Богов  |e роман  |f Н. Д. Перумов 
210 |a Москва  |c ЭКСМО  |d 2002 
215 |a 608 с. 
225 1 |a Хроники Хьерварда 
225 1 |a Книга Хагена 
330 |a Так уж повелось, что загадочный континент, называемый Хьёрвардом, стал пристанищем для людей, эльфов, гномов, троллей и других рас, ведущих мирную размеренную жизнь. Но вот на его зеленых холмах появляются Волшебник и его Ученик, бросившие вызов древним богам Хьёрварда и разбудившие дремавшего много веков Властелина Мрака. 
606 1 |a Русская литература современная  |2 stltpush  |3 (RuTPU)RU\TPU\subj\26373  |9 50316 
610 1 |a романы 
610 1 |a фантастика 
675 |a Р2  |v 3 
700 1 |a Перумов  |b Н. Д.  |g Николай Даниилович 
801 0 |a RU  |b 63413507  |c 20011209  |g PSBO 
801 2 |a RU  |b 63413507  |c 20220422  |g PSBO 
942 |c BK